First order mathematical logic

Αποθηκεύτηκε σε:
Λεπτομέρειες βιβλιογραφικής εγγραφής
Κύριος συγγραφέας: Μάργαρης, Άγγελος
Μορφή: Βιβλίο
Γλώσσα:English
Δημοσίευση: New York : Dover Pub. Inc., c1990.
Θέματα:
Ετικέτες: Προσθήκη ετικέτας
Δεν υπάρχουν, Καταχωρήστε ετικέτα πρώτοι!

MARC

LEADER 00000cam a2200000 i 4500
001 1/47490
008 950725s1990 nyu| ||| |||| ||eng||
020 |a 0486662691 
035 |1 ΕΛΗ  |a 1995  |c ΠΟΥΡΝΑΡΑΣ  |l 10043078 
040 |a GR-MyUA  |b gre  |e AACR2 
041 0 |a eng 
082 0 |a 511.3 
100 1 |a Μάργαρης, Άγγελος. 
245 1 0 |a First order mathematical logic /   |c Angelo Margaris.  
260 |a New York :   |b Dover Pub. Inc.,   |c c1990.  
300 |a 211 σ. ;   |c 21 εκ.  
500 |a Reprint. Originally published: Waltham Mass. :Blaisdell Pub. Co.,1967.Originally published in series: A Blaisdell book in pure applied mathematics.  
504 |a Περιέχει βιβλιογραφικές αναφορές.  
650 0 0 |a First-order logic. 
650 0 0 |a Logic, Symbolic and mathematical. 
852 |a INST  |b SAMOS  |e 19950725  |h 511.3 ΜΑΡ  |p 005300009838  |q 005300009838  |t BK  |y 0 
909 |a Σ  |b 044750